| 000 | 00349nam a2200145Ia 4500 | ||
|---|---|---|---|
| 008 | 230312s9999||||xx |||||||||||||| ||und|| | ||
| 020 | _a93-392-2165-2 | ||
| 082 |
_a536.7 _bCEN-T |
||
| 100 | _aCengel;Yunus.A | ||
| 245 | 0 | _aThermodynamics | |
| 260 |
_bMcGraw Hill _aIndia _c2016 |
||
| 300 | _a954 | ||
| 650 |
_aEngineering _vMechanical |
||
| 942 | _cBK | ||
| 999 |
_c11807 _d11807 |
||